Dibujo arquitectónico : (Registro nro. 50787)

Detalles MARC
000 -LEADER
campo de control de longitud fija 02736cam a22005174i 4500
001 - NÚMERO DE CONTROL
campo de control u48535
003 - IDENTIFICADOR DE NÚMERO DE CONTROL
campo de control PE-LiUPU
005 - FECHA Y HORA DE LA ÚLTIMA TRANSACCIÓN
campo de control 20250731183425.0
008 - DATOS DE LONGITUD FIJA--INFORMACIÓN GENERAL
campo de control de longitud fija 150706s2007 mx a r 000 0 spa d
020 ## - NÚMERO INTERNACIONAL ESTÁNDAR DEL LIBRO
Número Internacional Estándar del Libro 9682475996
020 ## - NÚMERO INTERNACIONAL ESTÁNDAR DEL LIBRO
Número Internacional Estándar del Libro 9789682475993
035 ## - NÚMERO DE CONTROL DEL SISTEMA
Número de control de sistema (Sirsi) i9789682475993
040 ## - FUENTE DE CATALOGACIÓN
Centro catalogador/agencia de origen PE-LiUPU
Lengua de catalogación spa
Centro/agencia transcriptor PE-LiUPU
Normas de descripción rda
049 ## - FONDOS LOCALES (OCLC)
Biblioteca depositaria PRUA
082 04 - NÚMERO DE LA CLASIFICACIÓN DECIMAL DEWEY
Número de clasificación 720.284
Cutter M26
Número de edición 21
100 1# - ENTRADA PRINCIPAL--NOMBRE DE PERSONA
Nombre de persona Marín de L ́Hotellerie, José Luis,
Término indicativo de función/relación autor.
245 10 - MENCIÓN DEL TÍTULO
Título Dibujo arquitectónico :
Resto del título técnicas y texturas /
Mención de responsabilidad, etc. José Luis Marín de L ́Hotellerie.
250 ## - MENCION DE EDICION
Mención de edición Cuarta edición.
264 #1 - PRODUCCIÓN, PUBLICACIÓN, DISTRIBUCIÓN, FABRICACIÓN Y COPYRIGHT
Producción, publicación, distribución, fabricación y copyright México :
Nombre del de productor, editor, distribuidor, fabricante Trillas,
Fecha de producción, publicación, distribución, fabricación o copyright 2007 (reimp. 2008).
300 ## - DESCRIPCIÓN FÍSICA
Extensión 193 páginas :
Otras características físicas ilustraciones ;
Dimensiones 27 centímetros
336 ## - TIPO DE CONTENIDO
Término de tipo de contenido text
Fuente rdacontent
337 ## - TIPO DE MEDIO
Nombre/término del tipo de medio unmediated
Fuente rdamedia
338 ## - TIPO DE SOPORTE
Nombre/término del tipo de soporte volume
Fuente rdacarrier
500 ## - NOTA GENERAL
Nota general "Técnicas y texturas en el dibujo arquitectónico"-- en el título anterior.
505 0# - NOTA DE CONTENIDO CON FORMATO
Nota de contenido con formato Árboles -- Plantas arquitectónicas -- Fachadas -- Techumbres y conjuntos -- Cortes -- Perspectivas.
526 ## - NOTA DE INFORMACIÓN SOBRE EL PROGRAMA DE ESTUDIO
Nombre del programa Maestría Bim Facility Management (A distancia)
526 ## - NOTA DE INFORMACIÓN SOBRE EL PROGRAMA DE ESTUDIO
Nombre del programa
526 ## - NOTA DE INFORMACIÓN SOBRE EL PROGRAMA DE ESTUDIO
Nombre del programa Educación musical y artes
526 ## - NOTA DE INFORMACIÓN SOBRE EL PROGRAMA DE ESTUDIO
Nombre del programa Educación, especialidad educación física
526 ## - NOTA DE INFORMACIÓN SOBRE EL PROGRAMA DE ESTUDIO
Nombre del programa Arquitectura
541 ## - NOTA DE FUENTE DE ADQUISICIÓN DIRECTA
-- 048-0005626;
541 ## - NOTA DE FUENTE DE ADQUISICIÓN DIRECTA
-- 0020-0001185;
541 ## - NOTA DE FUENTE DE ADQUISICIÓN DIRECTA
-- 015-0011556;
596 ## -
-- 1 2
650 04 - PUNTO DE ACCESO ADICIONAL DE MATERIA--TÉRMINO DE MATERIA
Término de materia o nombre geográfico como elemento de entrada Dibujo arquitectónico.
910 ## - DATOS DE OPCIÓN DEL USUARIO (OCLC)
-- jv
-- jvm
-- 20100511
910 ## - DATOS DE OPCIÓN DEL USUARIO (OCLC)
Datos de opción del usuario dbm
-- ncf
-- ncf
-- 20190430
942 ## - ELEMENTOS DE ENTRADA SECUNDARIOS (KOHA)
Fuente del sistema de clasificación o colocación Clasificación Decimal Dewey
Tipo de ítem Koha
949 ## - PROCESAMIENTO DE INFORMACIÓN LOCAL (OCLC)
a 720.284 M26 2015
w DEWEY
c 1
i FT03266
l CCODEBUT1
m BUT
p 21.44
r 0
s Y
t BOOK
u 2017-10-10
x INGENIERIA
-- P06
0 COMPRA
o .STAFF. Colección General
949 ## - PROCESAMIENTO DE INFORMACIÓN LOCAL (OCLC)
a 720.284 M26
w DEWEY
c 1
i 61598
d 2018-5-4
e 2018-5-2
f 2018-2-12
g 4
l CCODEBUL1
m BUL
n 19
p 32.00
q 1
r 0
s Y
t BOOK
u 2015-7-6
x INGENIERIA
-- P06
0 COMPRA
o .STAFF. Colección Ciencias Empresariales
949 ## - PROCESAMIENTO DE INFORMACIÓN LOCAL (OCLC)
a 720.284 M26
w DEWEY
c 2
i 74701
d 2017-8-10
e 2017-8-9
f 2018-2-19
g 4
l CCODEBUL1
m BUL
n 10
p 32.00
r 0
s Y
t BOOK
u 2016-9-26
x INGENIERIA
-- P06
0 COMPRA
o .STAFF. Colección Ingeniería y Arquitectura
994 ## -
-- C0
-- PEPRU
999 ## - NÚMEROS DE CONTROL DE SISTEMA (KOHA)
-- DEWEY
-- 61598
-- 2019-9-6
-- 2021-11-9
-- 8
-- CCODEBUL1
-- BUL
-- 22
-- 32.00
-- 2
-- 0
-- Y
-- BOOK
-- 2015-7-6
-- INGENIERIA
-- P06
-- COMPRA
-- .STAFF. Colección Ciencias Empresariales
999 ## - NÚMEROS DE CONTROL DE SISTEMA (KOHA)
-- DEWEY
-- 74701
-- 2022-6-16
-- 2021-11-9
-- 7
-- CCODEBUL1
-- BUL
-- 18
-- 32.00
-- 3
-- 0
-- Y
-- BOOK
-- 2016-9-26
-- INGENIERIA
-- P06
-- COMPRA
-- .STAFF. Colección Ingeniería y Arquitectura
999 ## - NÚMEROS DE CONTROL DE SISTEMA (KOHA)
-- DEWEY
-- FT03266
-- 2019-2-20
-- 1
-- CCODEBUT1
-- BUT
-- 21.44
-- 0
-- Y
-- BOOK
-- 2017-10-10
-- INGENIERIA
-- P06
-- COMPRA
-- .STAFF. Colección General
980 ## - EQUIVALENCIA O REFERENCIA-CRUZADA-MENCIÓN DE SERIE--NOMBRE DE PERSONA/TÍTULO [LOCAL, CANADÁ]
ID del último usuario que modificó el registro 1
Nombre del último usuario que modificó el registro ALBERTO SANCHEZ Responsable de Automatización
Existencias
Visto por última vez Número de inventario Total de préstamos Signatura topográfica completa Código de barras Fecha del último préstamo Copia número Coste, precio de reemplazo Fecha de reemplazo Facultad Tipo de ítem Koha Nota pública Estado de pérdida Fuente del sistema de clasificación o colocación Restricciones de uso No para préstamo Colección Programa académico Biblioteca de origen Biblioteca actual Ubicación en estantería Fecha de adquisición Fuente de adquisición Coste, precio normal de compra
2026-03-19 9 25 720.284 M26 61598 2023-10-18 e1 37.00 2015-07-06 FIA Libros físicos perdido o baja hasta el 2023-12-13 No Perdido Clasificación Decimal Dewey Restringido No disponible para préstamos Colección General Arquitectura Biblioteca CRAI UPeU Lima Biblioteca CRAI UPeU Lima Sala principal 2015-07-06 COMPRA 32.00
2025-12-03 8 21 720.284 M26 74701 2025-09-11 e2 37.00 2016-09-26 FIA Libros físicos inventario-2023-12-13 No Perdido Clasificación Decimal Dewey No restringido Disponible para préstamos Colección General Arquitectura Biblioteca CRAI UPeU Lima Biblioteca CRAI UPeU Lima Sala principal 2016-09-26 COMPRA 32.00